Word Ladder: 2013 Boys Names Quiz Stats

 Plays Quiz Updated Dec 10, 2015

Score 0/15 Timer 02:00
0 Plays Today
Clue 4-Letter Word % Correct
#1 US boy baby name in 2013 or Biblical ark builderNOAH
98.8%
Karate level indicatorBELT
92.9%
An adverse skin reactionRASH
92.7%
A sculpture that is only the shoulders and upBUST
90.3%
An aquatic animal that barksSEAL
89.8%
Oxidized ironRUST
89.3%
You may be saved by thisBELL
88%
Rocker with Crosby and StillsNASH
87.1%
Clue 4-Letter Word % Correct
The joint between fabric piecesSEAM
86.7%
#2 US boy baby name in 2013 or actor HemsworthLIAM
86.5%
Canadian band in the Rock and Roll Hall of FameRUSH
86.3%
VendSELL
86.3%
The topsBEST
85.3%
A snacky biteNOSH
83.3%
Thailand, onceSIAM
83%

Today's Daily Dose

Quick Pick
American Flags

Get the Picture
Fast Food

You're not logged in!

Compare scores with friends on all Sporcle quizzes.
OR
Log In

Sporcle TV

Today on Sporcle TV


Watch our educational content, quiz creation guides, and fun videos on Sporcle TV.

Show Comments

Extras

Top Quizzes Today


Score Distribution

Your Account Isn't Verified!

In order to create a playlist on Sporcle, you need to verify the email address you used during registration. Go to your Sporcle Settings to finish the process.

Report this User

Report this user for behavior that violates our Community Guidelines.

Details: